000 00283cam a2200109ua 4500
082 _a821
_bYEA/OX
100 _aYeats, W B.
_91962
245 _aOxford Book of Modern Verse 1892-1935 /
260 _aLondon :
_bOxford at the Clarendon Press ,
_c1960.
300 _a450 ; .
942 _cBK
999 _c5322
_d5322